|
|
|
|
| LEADER |
00000nas a2200000 a 4500 |
| 001 |
ssj0012527 |
| 003 |
WaSeSS |
| 005 |
20200512172242.0 |
| 006 |
m d |
| 007 |
cr n |
| 008 |
021002c19499999oruqr pss o 0 a0eng c |
| 010 |
|
|
|a 2002227144
|
| 016 |
7 |
|
|a 2066164-2
|2 DE-600
|
| 022 |
|
|
|a 1945-8517
|y 0010-4124
|
| 035 |
|
|
|a (WaSeSS)ssj0012527
|
| 037 |
|
|
|b Duke University Press, P.O. Box 90660, Durham NC 27708
|
| 040 |
|
|
|a EYM
|b eng
|c EYM
|d OCLCQ
|d OCLCS
|d OCLCQ
|d NSD
|d OCLCQ
|d DLC
|d WEA
|d OCLCQ
|d OCLCF
|d OCLCO
|d GBT
|d CSU
|d LND
|d OCLCQ
|d DEBBG
|d EZC
|d GILDS
|d OCLCO
|d VT2
|d NJT
|d WaSeSS
|
| 042 |
|
|
|a pcc
|a nsdp
|
| 050 |
1 |
4 |
|a PN851
|
| 082 |
1 |
0 |
|a 805
|2 14
|
| 130 |
0 |
|
|a Comparative literature (Online)
|
| 222 |
|
0 |
|a Comparative literature
|b (Online)
|
| 245 |
1 |
0 |
|a Comparative literature
|h [electronic resource].
|
| 260 |
|
|
|a Eugene, Or. :
|b University of Oregon,
|c 1949-
|
| 310 |
|
|
|a Quarterly
|
| 362 |
0 |
|
|a Vol. 1, no. 1 (winter 1949)-
|
| 500 |
|
|
|a Title from title screen (viewed Oct. 2, 2002).
|
| 506 |
|
|
|a License restrictions may limit access.
|
| 538 |
|
|
|a Mode of access: World Wide Web.
|
| 550 |
|
|
|a "An official journal of the American Comparative Literature Association."
|
| 550 |
|
|
|a Vols. for 1949- published with the cooperation of the Comparative Literature Section of the Modern Language Association of America; and also by Duke University Press.
|
| 588 |
|
|
|a Latest issue consulted: Vol. 63, no. 1 (winter 2011) (Complit.dukejournals website, viewed Apr. 15, 2011).
|
| 610 |
2 |
7 |
|a UNIVERSITY OF OREGON (ESTADOS UNIDOS)
|x PUBLICACIONES PERIODICAS.
|2 renib
|
| 650 |
|
0 |
|a Comparative literature
|v Periodicals.
|
| 650 |
|
7 |
|a Comparative literature.
|2 fast
|0 (OCoLC)fst01734553
|
| 655 |
|
0 |
|a Electronic journals.
|
| 710 |
2 |
|
|a American Comparative Literature Association.
|
| 710 |
2 |
|
|a Modern Language Association of America.
|b Comparative Literature Section.
|
| 710 |
2 |
|
|a University of Oregon.
|
| 776 |
1 |
|
|t Comparative literature
|x 0010-4124
|w (DLC) 50013965
|w (OCoLC)1564555
|
| 856 |
4 |
0 |
|z Full text available from Research Library: 01/01/1988 to 10/31/2009
|u https://search.proquest.com/publication/637
|